Famous Football Matches - Statistics

General Stats
  • This quiz has been taken 13 times
    12 since last reset
  • The average score is 37 of 166
Answer Stats
Game Goal Scorer % Correct
ARG: 36' Di Maria
100%
FRA: 80’ (P) Mbappe
100%
FRA: 81' Mbappe
100%
FRA: 118' (P) Mbappe
100%
ARG: 108' Messi
100%
BAR: 90+1' (P) Neymar
100%
BAR: 90+5' Roberto
100%
MCI: 90+4' Aguero
86%
Argentina 3-3 France
(Argentina won 4-2 on penalties)
2022 FIFA World Cup Final
Lusail Stadium, Lusail, Qatar
18th December 2022
ARG: 23' (P) Messi
86%
FCB: 50' (P) Messi
86%
BAR: 88' Neymar
86%
PSG: 62' Cavani
71%
LIV: 54' Gerrard
71%
FCB: 54' Messi
71%
RMA: 90+2' Ramos
71%
RMA: 120' (P) Ronaldo
71%
MUN: 34' Rooney
71%
MUN: 90+3’ Solskjaer
71%
RMA: 110' Bale
57%
Real Madrid 4-1 Atletico Madrid
2014 UEFA Champions League Final Estadio da Luz, Lisbon, Portugal 24th May 2014
ATM: 36’ Godin
57%
Milan 3-3 Liverpool (Liverpool won 3-2 on penalties) 2005 UEFA Champions League Final Ataturk Olympic Stadium, Istanbul, Turkey 25th May 2005 ACM: 1’ Maldini
57%
RMA: 118' Marcelo
57%
TOT: 55' Moura
57%
TOT: 59' Moura
57%
TOT: 90+6' Moura
57%
LIV: 79' Origi
57%
Barcelona 3-1 Manchester United
2011 UEFA Champions League Final Wembley Stadium, London, UK 28th May 2011
FCB: 27’ Pedro
57%
Barcelona 6-1 Paris Saint-Germain
2016/17 UEFA Champions League Round of 16 2nd leg
Camp Nou, Barcelona, Spain
8th March 2017
FCB: 3’ Suarez
57%
FCB: 69' Villa
57%
ACM: 39' Crespo
43%
ACM: 44' Crespo
43%
MCI: 90+2' Dzeko
43%
GER: 24' Kroos
43%
GER: 26' Kroos
43%
FCB: 40' (OG) Kurzawa
43%
TOT: 73' Llorente
43%
Brazil 1-7 Germany
2014 FIFA World Cup Semi-Final Estadio Mineirao, Belo Horizonte, Brazil 8th July 2014
GER: 11’ Muller
43%
MUN: 90+1’ Sheringham
43%
Manchester City 4-3 Tottenham Hotspur
2018/19 UEFA Champions League Quarter-Finals 2nd leg Etihad Stadium, Manchester, UK 17th April 2019
MCI: 4’ Sterling
43%
LIV: 54' Wijnaldum
43%
LIV: 56' Wijnaldum
43%
AJX: 35' Ziyech
43%
MCI: 59' Aguero
29%
LIV: 61' Alonso
29%
RMA: 82' (P) Benzema
29%
RMA: 95' (P) Benzema
29%
Real Madrid 2-3 Barcelona
2016/17 La Liga
Santiago Bernabeu, Madrid, Spain
23rd April 2017
RMA: 28’
Casemiro
29%
WAT: 90+7' Deeney
29%
Ajax 2-3 Tottenham Hotspur
2018/19 UEFA Champions League Semi-Finals 2nd leg Johan Cruijff ArenA Amsterdam, Netherlands 8th May 2019
AJX: 5’ De Ligt
29%
GER: 23' Klose
29%
BAR: 33' Messi
29%
BAR: 90+2' Messi
29%
Liverpool 4-0 Barcelona
2018/19 UEFA Champions League Semi-Final 2nd leg
Anfield, Liverpool, UK
7th May 2019
LIV: 7’ Origi
29%
BRA: 90' Oscar
29%
RMA: 90' Rodrygo
29%
RMA: 90+1' Rodrygo
29%
MCI: 11' Silva
29%
LIV: 56' Smicer
29%
TOT: 7' Son
29%
TOT: 10' Son
29%
MCI: 21' Sterling
29%
RMA: 55' Vinicius
29%
NUFC: 57' Asprilla
14%
Manchester United 2-1 Bayern Munich
1999 UEFA Champions League Final Camp Nou, Barcelona, Spain 26th May 1999
BAY: 6’ Basler
14%
RMA: 33' Benzema
14%
QPR: 48' Cisse
14%
LIV: 67' Collymore
14%
LIV: 90+2' Collymore
14%
Manchester City 4-3 Real Madrid
2021/22 UEFA Champions League Semi-Final 1st leg
Etihad Stadium, Manchester, UK
26th April 2022
MCI: 2' De Bruyne
14%
NUFC: 10' Ferdinand
14%
MCI: 53' Foden
14%
Liverpool 4-3 Newcastle United
1995/96 Premier League Anfield, Liverpool, UK 3rd April 1996
LIV: 2’ Fowler
14%
LIV: 55' Fowler
14%
NUFC: 14' Ginola
14%
RMA: 85' James
14%
MCI: 11' Jesus
14%
GER: 29' Khedira
14%
QPR: 66' Mackie
14%
Real Madrid 3-1 Manchester City
2021/22 UEFA Champions League Semi-Final 2nd leg
Santiago Bernabeu, Madrid, Spain
4th May 2022
MCI: 73'
Mahrez
14%
Argentina 2-1 England
1986 FIFA World Cup Quarter-Final Estadio Azteca, Mexico City, Mexico 22nd June 1986
ARG: 51' Maradona
14%
ARG: 55' Maradona
14%
BAR: 73' Rakitic
14%
GER: 69' Schurrle
14%
GER: 79' Schurrle
14%
MCI: 74' Silva
14%
Manchester City 0-1 Wigan Athletic
2013 FA Cup Final
Wembley Stadium, London, UK
11th May 2013
WIG: 90+1' Watson
14%
Manchester United 8-2 Arsenal
2011/12 Premier League Old Trafford, Manchester, UK 28th August 2011
MUN: 22’ Welbeck
14%
Manchester City 3-2 Queens Park Rangers
2011/2012 Premier League
Etihad Stadium, Manchester, UK
13th May 2012
MCI: 39’ Zabaleta
14%
MCI: 45+1' Akanji
0%
WHU: 28' Ashton
0%
Arsenal 1-2 Manchester United
1998/99 FA Cup Semi-Final replay Villa Park, Birmingham, UK 14th April 1999
MUN: 17' Beckham
0%
Portsmouth 7-4 Reading
2007/08 Premier League Fratton Park, Portsmouth, UK 29th September 2007
POR: 6' Benjani
0%
POR: 37' Benjani
0%
POR: 70' Benjani
0%
ARS: 69' Bergkamp
0%
ARS: 36' Bergkamp
0%
REA: 90+4' (OG) Campbell
0%
Liverpool 3-3 West Ham United
(Liverpool won 3-1 on penalties )
2006 FA Cup Final
Millennium Stadium, Cardiff, UK
13th May 2006
WHU: 21' (OG) Carragher
0%
LIV: 32' Cisse
0%
MUN: 18' (OG) Cole
0%
TOT: 61' Defoe
0%
ACM: 58' Desailly
0%
LIV: 88' Firmino
0%
Liverpool 7-0 Manchester United
2022/23 Premier League Anfield, Liverpool, UK 5th March 2023
LIV: 43' Gakpo
0%
LIV: 50' Gakpo
0%
LIV: 54' Gerrard
0%
LIV: 90+1' Gerrard
0%
MUN: 109' Giggs
0%
Chelsea 4-4 Manchester City
2023/24 Premier League
Stamford Bridge, London, UK
12th November 2023
MCI: 25' (P) Haaland
0%
MCI: 47' Haaland
0%
England 4-2 West Germany
1966 FIFA World Cup Final Wembley Stadium, London, UK 30th July 1966
WGY: 12’
Haller
0%
ARS: 45+1' Henry
0%
POR: 55' Hreidarsson
0%
REA: 45' Hunt
0%
ENG: 18' Hurst
0%
ENG: 101' Hurst
0%
ENG: 120' Hurst
0%
POR: 81' (OG) Ingimarsson
0%
CHE: 67' Jackson
0%
TOT: 88' Kanoute
0%
TOT: 73' King
0%
REA: 48' Kitson
0%
WHU: 64' Konchesky
0%
POR: 75' Kranjcar
0%
CHE: 45' Lampard
0%
ARS: 55' (P) Lauren
0%
ENG: 81' Lineker
0%
ARS: 69' Ljungberg
0%
Arsenal 1-2 Liverpool
2001 FA Cup Final
Millennium Stadium, Cardiff, UK
12th May 2001
ARS: 72' Ljungberg
0%
REA: 79' Long
0%
Milan 4-0 Barcelona
1994 UEFA Champions League Final
Olympic Stadium, Athens, Greece
18th May 1994
ACM: 22’ Massaro
0%
ACM: 45+2' Massaro
0%
POR: 90+2' (P) Muntari
0%
MUN: 67' Nani
0%
Tottenham 4-5 Arsenal
2004/05 Premier League
White Hart Lane, London, UK
13th November 2004
TOT: 36' Naybet
0%
LEI: 19' Nugent
0%
LIV: 47' Nunez
0%
LIV: 75' Nunez
0%
MUN: 88' O'Shea
0%
LIV: 83' Owen
0%
LIV: 88' Owen
0%
CHE: 90+5' (P) Palmer
0%
MUN: 70' Park
0%
ENG: 78' Peters
0%
ARS: 80' Pires
0%
MCI: 86' Rodri
0%
MUN: 54' Ronaldo
0%
MUN: 58' Ronaldo
0%
Manchester United 1-1 Chelsea (Manchester United won 6-5 on penalties) 2008 UEFA Champions League Final Luzhniki Stadium, Moscow, Russia 21st May 2008 MUN: 26' Ronaldo
0%
MUN: 41' Rooney
0%
MUN: 64' Rooney
0%
MUN: 82' (P) Rooney
0%
LIV: 66' Salah
0%
LIV: 83' Salah
0%
ACM: 47' Savicevic
0%
CHE: 37' Sterling
0%
CHE: 29' Thiago Silva
0%
ARS: 74' Van Persie
0%
ARS: 60' Vieira
0%
Arsenal 2-4 Manchester United
2004/05 Premier League
Highbury Stadium, London, UK
1st February 2005
ARS: 8' Vieira
0%
Watford 3-1 Leicester City
2012/13 Npower Championship Play-off Semi-Final 2nd leg Vicarage Road, Watford, UK 12th May 2013
WAT: 15’ Vydra
0%
WAT: 65' Vydra
0%
ARS: 45+3' Walcott
0%
WGY: 89' Weber
0%
MUN: 28' Young
0%
MUN: 90+1' Young
0%
No matching quizzes found
Score Distribution
Percent of People with Each Score
Percentile by Number Answered
Your Score History
You have not taken this quiz since the last reset